01470nam a2200313 a 450000100100000000500170001000800410002702000180006804000250008608200210011110000440013224501180017625000340029426000500032830000280037850000700040650000640047659000260054065000230056665000210058965000440061065000350065470000350068991000370072495201340076195201190089595201250101499900170113900003204220250509170321.0110712q2016 dr a 000 0 spa d a9789945897913 aDO-SdBNPbspacBNPHU a370bM671i, 20161 aMiramar, Yoselman Rodwin,d1969-95817210aIntroducción a la educación :buna perspectiva cristiana /cYoselman Rodwin Mirabal ; prólogo Rafael Reyes. a4a ed. ampliada y actualizada aSanto Domingo :bProducciones Mirabal,c2016. a340 p. :bil. ;c23 cm. aIncluye datos biográficos del autor en la solapa de la cubierta aLa biblioteca posee 3 ejemplares autografiados por el autor aInventariado, 2018/LP 0aEducación951588 0aPedagogía9693 4aEducaciónxAspectos religiosos958173 4aMétodos de enseñanza921961 aReyes, Rafael,epról.944995 aValidado. Control de calidad MFF 001054708DSaGRbGRcHDd2017-05-03iLF1l0o370 M671i, 2016p32042-30r2020-06-25te. 3w2020-06-25yLFDSZPréstamo en sala 0010718PDaPDbPDcHDd2011-07-12iLF1l0o370 M671i, 2016p32042-10r2020-06-25w2020-06-25yLFPDZNo se presta 0010718PDaPDbPDcHDd2017-05-03iLF1l0o370 M671i, 2016p32042-20r2020-06-25te. 2w2020-06-25yLFPDZNo se presta c31533d31533